Návrh udržateľného systému hodnotenia a odmeňovania zamestnancov v podniku Rona, a.s.
Gespeichert in:
| 1. Verfasser: | |
|---|---|
| Weitere Verfasser: | |
| Format: | Manuskript Buch |
| Sprache: | Slowakisch |
| Veröffentlicht: |
2020
|
| Schlagworte: | |
| Online-Zugang: | http://is.stuba.sk/zp/portal_zp.pl?podrobnosti=151964 |
| Tags: |
Keine Tags, Fügen Sie das erste Tag hinzu!
|
MARC
| LEADER | 00000ntm a22000003a 4500 | ||
|---|---|---|---|
| 001 | stuzp78125 | ||
| 003 | SK-STU | ||
| 005 | 20200704211719.6 | ||
| 007 | ta | ||
| 008 | 150427s2015----xo-----f-mn---000-0-slo-d | ||
| 040 | |a STU |b slo | ||
| 041 | 0 | |a slo | |
| 100 | 1 | |a Golbincová, Iveta |u 064000 |k Z4 |4 aut |U MTF Materiálovotechnologická fakulta |T MTF Ústav priemyselného inžinierstva a manažmentu |X 80432 |U M4000 |Y 84 |7 80432 | |
| 242 | 0 | 1 | |a Proposal for a sustainable system of employee evaluation and remuneration in Rona, j.c. |y eng |
| 245 | 1 | 0 | |a Návrh udržateľného systému hodnotenia a odmeňovania zamestnancov v podniku Rona, a.s. |
| 260 | |c 2020 | ||
| 650 | 4 | |a Hodnotenie zamestnancov |2 slo | |
| 650 | 4 | |a Odmeňovanie zamestnancov |2 slo | |
| 650 | 4 | |a Zmaestnanci |2 slo | |
| 650 | 4 | |a employee remuneration |2 eng | |
| 650 | 4 | |a Employee evaluation |2 eng | |
| 650 | 4 | |a employees |2 eng | |
| 700 | 1 | |a Bestvinová, Viera |u 064000 |k Z1 |4 ths |U MTF Materiálovotechnologická fakulta |T MTF Ústav priemyselného inžinierstva a manažmentu |X 1541 |U M4000 |Y 84 |7 A000001541 | |
| 856 | 4 | |u http://is.stuba.sk/zp/portal_zp.pl?podrobnosti=151964 | |
| 996 | |c M* DP-14211 |l MMSKP |s P |a 0 |w stuzp78125_0001 | ||